00606nam a2200205 a 450000100150000000800410001502000250005605000170008110000210009824500750011925000170019426000360021130000280024733700150027533800230029035000100031365000310032365000260035470000200038099666277202419190520s2016 ||||||||||||||||| || u a9781292152240 (pbk.) aHD 70.U5 Ebe aGriffin, Ricky W10aBusiness essentials (11th edition)cRonald J. Ebert, Ricky W. Griffin. a11th edition aHarlowbPearson Educationc2016 a692 pages:illustrations aunmediated avolume2rdacarrier a46.98 7aBUSINESS ENTERPRISES2fast 0aINDUSTRIAL MANAGEMENT aEbert, Ronald J